000
00275nam a2200121Ia 4500
008
190216s9999||||xx |||||||||||||| ||und||
100
_a
Piccadilly Jim
245
0
_a
Wodehouse P G
260
_b
Penguin Books
_c
1969
300
_a
238p
650
_a
English Novel
942
_c
BK
999
_c
12744
_d
12744